Midnight in Paris (Registro nro. 255179)

Detalles MARC
000 -ENCABEZADO
Número de control [NR] 01728 a2200313 4500
005 - FECHA Y HORA DE LA ÚLTIMA TRANSACCIÓN
control field 20211214151112.0
008 - DE LONGITUD FIJA DE DATOS DE ELEMENTOS - INFORMACIÓN GENERAL
Elementos de longitud fija [NR] 140526s2001 xxu||||gs|||| q0| 0 fre d
040 ## - FUENTE DE CATALOGACION [NR]
Agencia de catalogación original [NR] CO-BoUCM
Idioma de catalogación [NR] spa
Quien Cataloga Deissy Garcia (modificó)
Quien Clasifica Aldemar Mondragón
041 ## - CODIGO DE IDIOMA [R]
Código de idioma para texto/pista de sonido o título separado [R] Inglés
041 ## - CODIGO DE IDIOMA [R]
Código de idioma para texto/pista de sonido o título separado [R] Francés
092 ## - SIGNATURA TOPOGRAFICA LOCAL
Número de clasificación local DVD 1448
245 ## - MENCION DE TITULO [NR]
Título [NR] Midnight in Paris
Mención de responsabilidad, etc. [NR] Woody Allen, director
260 ## - PUBLICACION, DISTRIBUCION, ETC. (PIE DE IMPRENTA) [R]
Fecha de publicación, distribución, etc. [R] 2011
Lugar de publicación, distribución, etc. [R] Los Angeles (California, Estados Unidos)
Nombre del editor, distribuidor, etc. [R] Sony Pictures Classics
300 ## - DESCRIPCION FISICA [R]
Extensión [R] 1 DVD, 94 minutos
500 ## - NOTA GENERAL [R]
Nota general [NR] Sinopsis : Nos cuenta la historia de una familia que viaja a la capital francesa por asuntos de negocios, incluyendo entre ellos a una joven pareja que está prometida, y cuyas vidas cambian gracias a este viaje. La cinta aborda la idea que tiene la gente de que una existencia distinta a la suya quizás podría ser mejor.
508 ## - NOTA DE CREDITOS DE CREACION/PRODUCCION [R]
Nota de créditos de creación/producción [NR] Dirección y guion Woody Allen ; Producción : Letty Aronson, Stephen Tenenbaum y Jaume Roures. Fotografía: Darius Khondji.Montaje: Alisa Lepselter ; Vestuario: Sonia Grance.
511 ## - NOTA DE PARTICIPANTE O INTERPRETE [R]
Nota de participante o intérprete [NR] Reparto : Owen Wilson, Marion Cotillard, Rachel McAdams, Kathy Bates, Michael Sheen, Adrien Brody, Nina Arianda, Mimi Kennedy, Kurt Fuller,Carla Bruni, Léa Seydoux , Tom Hiddleston.
546 ## - NOTA DE IDIOMA [R]
Nota de idioma [NR] Audio en inglés y frances. Subtítulos en español inglés y franes.
586 ## - NOTA DE PREMIOS [R]
Nota de premios [NR] Premio Osar, mejor guión original 2012
586 ## - NOTA DE PREMIOS [R]
Nota de premios [NR] Globo de Oro, mejor guión 2012
650 #7 - ASIENTO SECUNDARIO DE MATERIA - TERMINO TEMATICO [R]
9 (RLIN) 59416
Término temático o nombre geográfico como elemento de entrada [NR] Comedia romántica
Subdivisión de forma [R] DVD
650 #7 - ASIENTO SECUNDARIO DE MATERIA - TERMINO TEMATICO [R]
9 (RLIN) 57043
Término temático o nombre geográfico como elemento de entrada [NR] Amor en el cine
Subdivisión de forma [R] DVD
651 #4 - ASIENTO SECUNDARIO DE MATERIA - NOMBRE GEOGRAFICO [R]
9 (RLIN) 27222
Nombre geográfico [NR] Paris (Francia)
Subdivisión de forma [R] DVD
690 ## - ASUNTO AGREGADO LOCAL DE ENTRADA - TÉRMINO TEMÁTICO (OCLC, RLIN)
Acceso temático local Entretenimiento
9 (RLIN) 26487
700 1# - ASIENTO SECUNDARIO - NOMBRE PERSONAL [R]
Nombre personal [NR] Allen, Woody
Término de relación [R] editor
9 (RLIN) 61702
710 2# - ASIENTO SECUNDARIO - NOMBRE CORPORATIVO [R]
Nombre corporativo o de jurisdicción como elemento de entrada [NR] Sony Pictures Classics
9 (RLIN) 61703
710 2# - ASIENTO SECUNDARIO - NOMBRE CORPORATIVO [R]
Nombre corporativo o de jurisdicción como elemento de entrada [NR] Mediaproductions
9 (RLIN) 61704
942 ## - ELEMENTOS DE ENTRADA AGREGADOS (KOHA)
Source of classification or shelving scheme DEWEY
Tema principal Entretenimiento
Koha item type Multimedia
Edition 1
Existencias
Suprimido Perdido Sistema de clasificación Dañado No prestable Tipo de ítem específico Ubicación habitual Ubicación actual Localización Fecha de creación Proveedor Forma de adquisición Costo Total préstamos Total Renewals Signatura topográfica Código de barras Última vez visto Fecha de último préstamo Ejemplar Costo de reposición Price effective from Tipo de ítem
    LOCAL     DVD Claustro Claustro Colección digital 18/02/2014 12 Donación 0.00 18 8 DVD 1448 100142479 10/12/2024 04/02/2022 Ej.2 26000.00 18/02/2014 Multimedia
    LOCAL   Préstamo restringido DVD Procesos Técnicos (no para préstamo) Procesos Técnicos (no para préstamo) Procesos Técnicos 18/02/2014 12 Donación 0.00     DVD 1448 100141434 09/12/2025   Ej.1 26000.00 18/02/2014 Multimedia